00988nam a2200229Ia 4500001000700000003000900007005001700016008004100033040002600074082001400100090001400114110005500128245004900183260009100232300001700323520014500340650007300485650004300558942001200601999001900613952012600632114241DR-UNIBE20260114101935.0251128b2008 dr ||||| |||| 00| 0 spa d cBIBLIOTECA UNIBEerda aF-RD 6028 aRD-F 28222 aRepública Dominicana. Leyes, decretos, etc.982610aLey no. 108-05 : bregistro de inmobiliario4 aSanto Domingo : bSuprema Corte de Justicia :bDirección Nacional de Registro,c20084 a49 páginas4 aTexto de la Ley No. 108-05 modificada por la Ley No. 51-07 del 23 de abril del 2007 sobre registro inmobiliario en la República Dominicana aRegistros públicosxLegislación zRepública Dominicana9201613 aCatastrozRepública Dominicana92568 2ddccMX c114241d114241 00102ddc708FOL-RDaPrincipalbPrincipald2025-12-01l0oF-RD 6028pF250156r2026-01-14 10:20:32tEj. 1w2026-01-14yMX